Electronic pen for projector screen using ultrasonic triangulation (Record no. 13640)
[ view plain ]
| 000 -LEADER | |
|---|---|
| fixed length control field | 00496nam a22001577a 4500 |
| 082 ## - DEWEY DECIMAL CLASSIFICATION NUMBER | |
| Classification number | BEE-4 AKR |
| 100 ## - MAIN ENTRY--PERSONAL NAME | |
| Personal name | Jahanzeb Akram |
| 9 (RLIN) | 93208 |
| 245 ## - TITLE STATEMENT | |
| Title | Electronic pen for projector screen using ultrasonic triangulation |
| 260 ## - PUBLICATION, DISTRIBUTION, ETC. | |
| Place of publication, distribution, etc. | Islamabad |
| Name of publisher, distributor, etc. | NUST-SEECS |
| Date of publication, distribution, etc. | 2016 |
| 300 ## - PHYSICAL DESCRIPTION | |
| Extent | 56p. |
| Other physical details | 27cm. |
| Accompanying material | CD Includes |
| 500 ## - GENERAL NOTE | |
| General note | Supervisors: Dr. Ahmad Salman |
| 700 ## - ADDED ENTRY--PERSONAL NAME | |
| Personal name | Umair Usman |
| 9 (RLIN) | 93209 |
| 700 ## - ADDED ENTRY--PERSONAL NAME | |
| Personal name | Warda Saeed |
| 9 (RLIN) | 93210 |
| 856 ## - ELECTRONIC LOCATION AND ACCESS | |
| Uniform Resource Identifier | <a href="http://10.250.8.41:8080/xmlui/handle/123456789/10642">http://10.250.8.41:8080/xmlui/handle/123456789/10642</a> |
| 942 ## - ADDED ENTRY ELEMENTS (KOHA) | |
| Koha item type | Project Report |
| Source of classification or shelving scheme | |
| Withdrawn status | Lost status | Source of classification or shelving scheme | Damaged status | Not for loan | Permanent Location | Current Location | Shelving location | Date acquired | Source of acquisition | Full call number | Barcode | Date last seen | Price effective from | Koha item type |
|---|---|---|---|---|---|---|---|---|---|---|---|---|---|---|
| WITHDRAWN | Central Library (CL) | Central Library (CL) | General Stacks | 07/25/2016 | NUST-SEECS | BEE-4 AKR | SEECSP01871 | 07/25/2016 | 07/25/2016 | Project Report |
